[Event "Stay Safe Play From Home 314"]
[Site "Emanuel Lasker Arena"]
[Date "2020.07.19"]
[Round "6"]
[White "AChessPlayer"]
[Black "Justwatch"]
[Result "1-0"]
[WhiteElo "2398"]
[BlackElo "1706"]
[PlyCount "99"]
[EventDate "2020.07.19"]
[EventType "swiss (blitz)"]

1. Nf3 {[%emt 0:00:01]} Nf6 {[%emt 0:00:05]} 2. g3 {[%emt 0:00:01]} g6 {[%emt 0:00:00]} 3. Bg2 {[%emt 0:00:00]} Bg7 {[%emt 0:00:00]} 4. O-O {[%emt 0:00:00]} O-O {[%emt 0:00:01]} 5. d3 {[%emt 0:00:00]} d6 {[%emt 0:00:00]} 6. e4 {[%emt 0:00:01]} Nc6 {[%emt 0:00:00]} 7. Nc3 {[%emt 0:00:01]} Bg4 {[%emt 0:00:01]} 8. h3 {[%emt 0:00:01]} Bxf3 {[%emt 0:00:00]} 9. Qxf3 {[%emt 0:00:01]} Nd4 {[%emt 0:00:00]} 10. Qd1 {[%emt 0:00:01]} e5 {[%emt 0:00:01]} 11. Be3 {[%emt 0:00:00]} Ne6 {[%emt 0:00:01]} 12. Ne2 {[%emt 0:00:01]} a6 {[%emt 0:00:00]} 13. f4 {[%emt 0:00:01]} exf4 {[%emt 0:00:01]} 14. gxf4 {[%emt 0:00:00]} b6 {[%emt 0:00:01]} 15. c3 {[%emt 0:00:01]} Nc5 {[%emt 0:00:01]} 16. b4 {[%emt 0:00:02]} Nb7 {[%emt 0:00:02]} 17. e5 {[%emt 0:00:01]} dxe5 {[%emt 0:00:01]} 18. fxe5 {[%emt 0:00:02]} Nh5 {[%emt 0:00:00]} 19. Bxb7 {[%emt 0:00:01]} Qh4 {[%emt 0:00:03]} 20. Bg2 {[%emt 0:00:10]} Bxe5 {[%emt 0:00:01]} 21. d4 {[%emt 0:00:01]} Bd6 {[%emt 0:00:01]} 22. Qe1 {[%emt 0:00:00]} Qe7 {[%emt 0:00:04]} 23. Nf4 {[%emt 0:00:02]} Nxf4 {[%emt 0:00:02]} 24. Bxf4 {[%emt 0:00:00]} Qd7 {[%emt 0:00:02]} 25. Bxd6 {[%emt 0:00:01]} Qxd6 {[%emt 0:00:00]} 26. Bxa8 {[%emt 0:00:01]} Rxa8 {[%emt 0:00:02]} 27. Qf2 {[%emt 0:00:00]} Rf8 {[%emt 0:00:01]} 28. Rae1 {[%emt 0:00:00]} Qc6 {[%emt 0:00:01]} 29. Re5 {[%emt 0:00:02]} Qxc3 {[%emt 0:00:01]} 30. Re7 {[%emt 0:00:01]} Qc4 {[%emt 0:00:01]} 31. Qf3 {[%emt 0:00:02]} Qxd4+ {[%emt 0:00:02]} 32. Kh1 {[%emt 0:00:00]} Qc4 {[%emt 0:00:01]} 33. a3 {[%emt 0:00:01]} c5 {[%emt 0:00:01]} 34. Rc7 {[%emt 0:00:01]} Qe6 {[%emt 0:00:04]} 35. bxc5 {[%emt 0:00:01]} bxc5 {[%emt 0:00:01]} 36. Rc6 {[%emt 0:00:01]} Qc4 {[%emt 0:00:02]} 37. Rf6 {[%emt 0:00:01]} a5 {[%emt 0:00:02]} 38. a4 {[%emt 0:00:03]} Qa2 {[%emt 0:00:02]} 39. Rf2 {[%emt 0:00:01]} Qc4 {[%emt 0:00:02]} 40. Kg2 {[%emt 0:00:01]} h5 {[%emt 0:00:02]} 41. Qc6 {[%emt 0:00:03]} Kg7 {[%emt 0:00:01]} 42. R6f4 {[%emt 0:00:04]} Qb3 {[%emt 0:00:01]} 43. Qxc5 {[%emt 0:00:01]} Qe6 {[%emt 0:00:01]} 44. Qd4+ {[%emt 0:00:01]} Kh6 {[%emt 0:00:02]} 45. Rf6 {[%emt 0:00:00]} Qc6+ {[%emt 0:00:00]} 46. Rxc6 {[%emt 0:00:02]} Kg5 {[%emt 0:00:00]} 47. Rcf6 {[%emt 0:00:00]} Kh6 {[%emt 0:00:01]} 48. Qf4+ {[%emt 0:00:00]} Kg7 {[%emt 0:00:00]} 49. Qg5 {[%emt 0:00:00]} h4 {[%emt 0:00:02]} 50. Rxg6+ {[%emt 0:00:00] Zaman (Lag: Av=0.78s, max=3.7s)} 1-0

[Event "Stay Safe Play From Home 314"]
[Site "Emanuel Lasker Arena"]
[Date "2020.07.19"]
[Round "6"]
[White "Rogan"]
[Black "ionelluca"]
[Result "0-1"]
[WhiteElo "2230"]
[BlackElo "1930"]
[PlyCount "50"]
[EventDate "2020.07.19"]
[EventType "swiss (blitz)"]

1. c3 {[%emt 0:00:01]} d6 {[%emt 0:00:01]} 2. d4 {[%emt 0:00:00]} Nf6 {[%emt 0:00:01]} 3. Nf3 {[%emt 0:00:00]} Nfd7 {[%emt 0:00:00]} 4. Bg5 {[%emt 0:00:00]} g6 {[%emt 0:00:00]} 5. e3 {[%emt 0:00:01]} Bg7 {[%emt 0:00:01]} 6. h4 {[%emt 0:00:01]} h6 {[%emt 0:00:01]} 7. Bf4 {[%emt 0:00:00]} e5 {[%emt 0:00:01]} 8. dxe5 {[%emt 0:00:02]} dxe5 {[%emt 0:00:01]} 9. Bg3 {[%emt 0:00:00]} e4 {[%emt 0:00:01]} 10. Nd4 {[%emt 0:00:02]} Nc6 {[%emt 0:00:01]} 11. Nxc6 {[%emt 0:00:01]} bxc6 {[%emt 0:00:02]} 12. Qa4 {[%emt 0:00:00]} O-O {[%emt 0:00:06]} 13. Qxe4 {[%emt 0:00:02]} Rb8 {[%emt 0:00:01]} 14. Qc2 {[%emt 0:00:01]} Nc5 {[%emt 0:00:01]} 15. Nd2 {[%emt 0:00:04]} Bf5 {[%emt 0:00:01]} 16. e4 {[%emt 0:00:02]} Nxe4 {[%emt 0:00:01]} 17. Nxe4 {[%emt 0:00:01]} Bxe4 {[%emt 0:00:01]} 18. Qd2 {[%emt 0:00:06]} Qf6 {[%emt 0:00:03]} 19. O-O-O {[%emt 0:00:01]} Rfd8 {[%emt 0:00:01]} 20. Qf4 {[%emt 0:00:09]} Rxd1+ {[%emt 0:00:01]} 21. Kxd1 {[%emt 0:00:00]} Qe6 {[%emt 0:00:04]} 22. Qxc7 {[%emt 0:00:05]} Rxb2 {[%emt 0:00:01]} 23. Qd8+ {[%emt 0:00:01]} Kh7 {[%emt 0:00:02]} 24. Be2 {[%emt 0:00:10]} Qxa2 {[%emt 0:00:02]} 25. Bf4 {[%emt 0:00:02]} Rxe2 {[%emt 0:00:03] Rogan resigns (Lag: Av=0.40s, max=0.7s)} 0-1

[Event "Stay Safe Play From Home 314"]
[Site "Emanuel Lasker Arena"]
[Date "2020.07.19"]
[Round "6"]
[White "Buzaglo"]
[Black "NTBT_DHS"]
[Result "0-1"]
[WhiteElo "1860"]
[BlackElo "2509"]
[PlyCount "116"]
[EventDate "2020.07.19"]
[EventType "swiss (blitz)"]

1. d4 {[%emt 0:00:01]} g6 {[%emt 0:00:00]} 2. Nf3 {[%emt 0:00:00]} Bg7 {[%emt 0:00:00]} 3. g3 {[%emt 0:00:00]} Nf6 {[%emt 0:00:00]} 4. Bg2 {[%emt 0:00:00]} O-O {[%emt 0:00:00]} 5. O-O {[%emt 0:00:00]} d6 {[%emt 0:00:00]} 6. c4 {[%emt 0:00:00]} Nbd7 {[%emt 0:00:00]} 7. d5 {[%emt 0:00:00]} e5 {[%emt 0:00:00]} 8. Nc3 {[%emt 0:00:00]} Nc5 {[%emt 0:00:01]} 9. Nd2 {[%emt 0:00:01]} a5 {[%emt 0:00:00]} 10. a3 {[%emt 0:00:01]} a4 {[%emt 0:00:01]} 11. Nce4 {[%emt 0:00:02]} Nfxe4 {[%emt 0:00:02]} 12. Nxe4 {[%emt 0:00:00]} Nb3 {[%emt 0:00:00]} 13. Bg5 {[%emt 0:00:05]} f6 {[%emt 0:00:01]} 14. Be3 {[%emt 0:00:02]} Nxa1 {[%emt 0:00:01]} 15. Qxa1 {[%emt 0:00:01]} f5 {[%emt 0:00:01]} 16. Nc3 {[%emt 0:00:01]} f4 {[%emt 0:00:00]} 17. Bd2 {[%emt 0:00:01]} Bf5 {[%emt 0:00:02]} 18. Be4 {[%emt 0:00:03]} Qd7 {[%emt 0:00:01]} 19. Bxf5 {[%emt 0:00:01]} Rxf5 {[%emt 0:00:01]} 20. Qb1 {[%emt 0:00:01]} Rh5 {[%emt 0:00:01]} 21. h4 {[%emt 0:00:03]} Qh3 {[%emt 0:00:02]} 22. Qe4 {[%emt 0:00:02]} fxg3 {[%emt 0:00:01]} 23. Qg2 {[%emt 0:00:01]} gxf2+ {[%emt 0:00:02]} 24. Rxf2 {[%emt 0:00:00]} Qxg2+ {[%emt 0:00:02]} 25. Rxg2 {[%emt 0:00:00]} Rxh4 {[%emt 0:00:00]} 26. Bg5 {[%emt 0:00:01]} Rxc4 {[%emt 0:00:01]} 27. Nb5 {[%emt 0:00:02]} Ra5 {[%emt 0:00:02]} 28. Nc3 {[%emt 0:00:02]} e4 {[%emt 0:00:01]} 29. Be3 {[%emt 0:00:03]} Bxc3 {[%emt 0:00:02]} 30. bxc3 {[%emt 0:00:00]} Rxc3 {[%emt 0:00:01]} 31. Bd2 {[%emt 0:00:01]} Rac5 {[%emt 0:00:00]} 32. Bxc3 {[%emt 0:00:01]} Rxc3 {[%emt 0:00:00]} 33. Kf2 {[%emt 0:00:00]} Rxa3 {[%emt 0:00:01]} 34. Rg4 {[%emt 0:00:00]} e3+ {[%emt 0:00:01]} 35. Kf3 {[%emt 0:00:01]} b5 {[%emt 0:00:00]} 36. Re4 {[%emt 0:00:02]} Rc3 {[%emt 0:00:01]} 37. Re8+ {[%emt 0:00:01]} Kf7 {[%emt 0:00:00]} 38. Rh8 {[%emt 0:00:01]} Kg7 {[%emt 0:00:00]} 39. Rb8 {[%emt 0:00:00]} Rb3 {[%emt 0:00:01]} 40. Rb7 {[%emt 0:00:01]} a3 {[%emt 0:00:00]} 41. Rxc7+ {[%emt 0:00:01]} Kf6 {[%emt 0:00:00]} 42. Rc6 {[%emt 0:00:01]} Ke5 {[%emt 0:00:01]} 43. Rc7 {[%emt 0:00:02]} a2 {[%emt 0:00:01]} 44. Ra7 {[%emt 0:00:01]} Rb2 {[%emt 0:00:02]} 45. Re7+ {[%emt 0:00:01]} Kxd5 {[%emt 0:00:01]} 46. Ra7 {[%emt 0:00:00]} Kd4 {[%emt 0:00:00]} 47. Kf4 {[%emt 0:00:01]} b4 {[%emt 0:00:00]} 48. Ra4 {[%emt 0:00:02]} d5 {[%emt 0:00:02]} 49. Kf3 {[%emt 0:00:01]} g5 {[%emt 0:00:01]} 50. Kg4 {[%emt 0:00:01]} h6 {[%emt 0:00:00]} 51. Kh5 {[%emt 0:00:01]} Kc4 {[%emt 0:00:00]} 52. Kxh6 {[%emt 0:00:01]} Rxe2 {[%emt 0:00:01]} 53. Kxg5 {[%emt 0:00:01]} Rf2 {[%emt 0:00:00]} 54. Kg4 {[%emt 0:00:01]} e2 {[%emt 0:00:00]} 55. Kg3 {[%emt 0:00:01]} e1=Q {[%emt 0:00:00]} 56. Rxa2 {[%emt 0:00:01]} Rxa2+ {[%emt 0:00:00]} 57. Kg4 {[%emt 0:00:00]} Rg2+ {[%emt 0:00:01]} 58. Kf4 {[%emt 0:00:00]} Qe4# {[%emt 0:00:01] (Lag: Av=0.82s, max=1.4s)} 0-1

[Event "Stay Safe Play From Home 314"]
[Site "Emanuel Lasker Arena"]
[Date "2020.07.19"]
[Round "6"]
[White "Trotsky"]
[Black "Schachwerk_64"]
[Result "0-1"]
[WhiteElo "1606"]
[BlackElo "1910"]
[Annotator "NA"]
[PlyCount "64"]
[EventDate "2020.07.19"]
[EventType "swiss (blitz)"]

1. d4 {[%emt 0:00:01]} Nc6 {[%emt 0:00:02]} 2. e3 {[%emt 0:00:00]} d5 {[%emt 0:00:00]} 3. c4 {[%emt 0:00:01]} e5 {[%emt 0:00:02]} 4. Nc3 {[%emt 0:00:01]} Bb4 {[%emt 0:00:03]} 5. Nf3 {[%emt 0:00:03]} Bg4 {[%emt 0:00:02]} 6. Qc2 {[%emt 0:00:02]} Bxf3 {[%emt 0:00:02]} 7. gxf3 {[%emt 0:00:01]} exd4 {[%emt 0:00:01]} 8. exd4 {[%emt 0:00:05]} Nxd4 {[%emt 0:00:00]} 9. Qd3 {[%emt 0:00:02]} dxc4 {[%emt 0:00:05]} 10. Qxc4 {[%emt 0:00:02]} Nc2+ {[%emt 0:00:02]} 11. Ke2 {[%emt 0:00:02]} Qe7+ {[%emt 0:00:05]} 12. Be3 {[%emt 0:00:03]} Nxa1 {[%emt 0:00:02]} 13. Qb5+ {[%emt 0:00:03]} c6 {[%emt 0:00:02]} 14. Qf5 {[%emt 0:00:03]} Nf6 {[%emt 0:00:02]} 15. Ne4 {[%emt 0:00:05]} Nxe4 {[%emt 0:00:02]} 16. fxe4 {[%emt 0:00:01]} Qe6 {[%emt 0:00:03]} 17. Qxe6+ {[%emt 0:00:02]} fxe6 {[%emt 0:00:00]} 18. Bh3 {[%emt 0:00:01]} Nc2 {[%emt 0:00:01]} 19. Bxe6 {[%emt 0:00:02]} Nxe3 {[%emt 0:00:01]} 20. Kxe3 {[%emt 0:00:01]} Bc5+ {[%emt 0:00:01]} 21. Kf3 {[%emt 0:00:02]} Ke7 {[%emt 0:00:00]} 22. Bf5 {[%emt 0:00:01]} Rhf8 {[%emt 0:00:00]} 23. Kg4 {[%emt 0:00:01]} g6 {[%emt 0:00:01]} 24. Bxg6 {[%emt 0:00:02]} hxg6 {[%emt 0:00:01]} 25. f4 {[%emt 0:00:01]} Rad8 {[%emt 0:00:03]} 26. h4 {[%emt 0:00:01]} Rd2 {[%emt 0:00:01]} 27. Rh3 {[%emt 0:00:02]} Rxb2 {[%emt 0:00:01]} 28. Rf3 {[%emt 0:00:01]} Rxa2 {[%emt 0:00:01]} 29. Kg5 {[%emt 0:00:01]} Rg2+ {[%emt 0:00:01]} 30. Kh6 {[%emt 0:00:01]} Rh8+ {[%emt 0:00:01]} 31. Kg7 {[%emt 0:00:02]} Bd4+ {[%emt 0:00:01]} 32. e5 {[%emt 0:00:05]} Rxh4 {[%emt 0:00:01] Âðåìÿ (Lag: Av=0.40s, max=0.8s) '} 0-1

[Event "Stay Safe Play From Home 314"]
[Site "Emanuel Lasker Arena"]
[Date "2020.07.19"]
[Round "7"]
[White "NTBT_DHS"]
[Black "TheCHESSHOUSE"]
[Result "1-0"]
[WhiteElo "2510"]
[BlackElo "2051"]
[Annotator "TA"]
[PlyCount "67"]
[EventDate "2020.07.19"]
[EventType "swiss (blitz)"]

{[%evp 9,67,-24,-12,-20,-8,-20,0,0,61,66,68,43,98,85,111,109,121,122,127,123,154,147,153,143,179,177,275,215,211,214,335,253,334,344,300,279,356,363,357,350,486,350,389,389,408,423,385,325,291,195,193,194,196,203,970,966,1027,983,969,961]} 1. e4 c5 2. Nf3 d6 3. Bc4 e6 4. O-O Nf6 5. e5 dxe5 6. Nxe5 {B50: Sicilian: 2...d6, Miscellaneous.} Be7 (6... Bd6 {feels hotter.} 7. d4 Qc7 8. Nf3 O-O 9. Nc3 a6) 7. Nc3 {[%cal Bb1c3,Bc3a4,Ba4c5][%mdl 32]} O-O (7... Nbd7 {is more complex.} 8. Nf3 O-O 9. d3 a6 10. a4 b6) 8. d3 {The position is equal.} Nc6 ({Black should play} 8... a6 $11) 9. Nxc6 $14 bxc6 {[#]} 10. Be3 $146 ({Predecessor:} 10. Qf3 Nd5 11. Be3 Rb8 12. Rab1 Qa5 13. Bd2 Qc7 14. Rfd1 Bb7 15. Ne4 Rbe8 16. Be3 {½-½ (26) Schatz,D (2229)-Koenig,F (2042) Berlin 2006}) 10... a5 (10... Nd5 $14) 11. Na4 $36 {[%mdl 2048] White is on the roll.} Rb8 12. b3 Nd7 13. Qh5 Nf6 14. Qf3 Nd5 15. Bxc5 Bxc5 16. Nxc5 Qe7 17. d4 a4 (17... Qd6 {was worth a try.} 18. Rfe1 h6) 18. Rfe1 ({Weaker is} 18. bxa4 Rb4 $16) 18... axb3 19. axb3 Bd7 (19... Qf6 {keeps fighting.} 20. Qd3 Nf4) 20. Ra7 Rfd8 21. Bxd5 cxd5 22. Qxd5 exd5 {[%cal Re7e1] [#]} 23. Rxe7 Be8 24. h4 Rbc8 25. h5 Rc6 26. g4 h6 27. f4 g6 28. hxg6 Rxg6 29. g5 hxg5 30. f5 Rf6 31. Re5 Rdd6 $2 {[#]} (31... Rh6 32. f6 Rxf6 33. Rxg5+ Kh7) 32. Rxe8+ $18 {White is clearly winning.} Kg7 33. Re5 Rb6 34. Nd7 {Black did not feel at home in the position after the opening. Accuracy: White = 67%, Black = 33%.} 1-0

[Event "Stay Safe Play From Home 314"]
[Site "Emanuel Lasker Arena"]
[Date "2020.07.19"]
[Round "7"]
[White "ionelluca"]
[Black "AChessPlayer"]
[Result "0-1"]
[WhiteElo "1958"]
[BlackElo "2399"]
[PlyCount "108"]
[EventDate "2020.07.19"]
[EventType "swiss (blitz)"]

1. e4 {[%emt 0:00:01]} d6 {[%emt 0:00:01]} 2. d3 {[%emt 0:00:01]} Nf6 {[%emt 0:00:00]} 3. Nc3 {[%emt 0:00:01]} c5 {[%emt 0:00:00]} 4. Bd2 {[%emt 0:00:01]} Nc6 {[%emt 0:00:00]} 5. f4 {[%emt 0:00:01]} Bg4 {[%emt 0:00:02]} 6. Nf3 {[%emt 0:00:01]} Nd4 {[%emt 0:00:01]} 7. Be2 {[%emt 0:00:01]} Nxe2 {[%emt 0:00:01]} 8. Qxe2 {[%emt 0:00:01]} e6 {[%emt 0:00:00]} 9. e5 {[%emt 0:00:01]} dxe5 {[%emt 0:00:01]} 10. Qxe5 {[%emt 0:00:01]} Bd6 {[%emt 0:00:02]} 11. Qe2 {[%emt 0:00:01]} O-O {[%emt 0:00:01]} 12. Ne4 {[%emt 0:00:01]} Nxe4 {[%emt 0:00:02]} 13. dxe4 {[%emt 0:00:01]} Qc7 {[%emt 0:00:02]} 14. g3 {[%emt 0:00:02]} Rfd8 {[%emt 0:00:02]} 15. Bc3 {[%emt 0:00:02]} Qc6 {[%emt 0:00:01]} 16. O-O-O {[%emt 0:00:01]} b5 {[%emt 0:00:01]} 17. Ng5 {[%emt 0:00:01]} Bxe2 {[%emt 0:00:02]} 18. Rde1 {[%emt 0:00:02]} b4 {[%emt 0:00:01]} 19. Bd2 {[%emt 0:00:01]} Bb5 {[%emt 0:00:00]} 20. e5 {[%emt 0:00:01]} Be7 {[%emt 0:00:01]} 21. Ne4 {[%emt 0:00:03]} Qa6 {[%emt 0:00:00]} 22. Kb1 {[%emt 0:00:02]} Bc6 {[%emt 0:00:00]} 23. Nd6 {[%emt 0:00:03]} Bxd6 {[%emt 0:00:01]} 24. exd6 {[%emt 0:00:01]} Bxh1 {[%emt 0:00:00]} 25. Rxh1 {[%emt 0:00:01]} Rxd6 {[%emt 0:00:00]} 26. Be3 {[%emt 0:00:01]} Rad8 {[%emt 0:00:00]} 27. Kc1 {[%emt 0:00:03]} Rd1+ {[%emt 0:00:00]} 28. Rxd1 {[%emt 0:00:01]} Rxd1+ {[%emt 0:00:00]} 29. Kxd1 {[%emt 0:00:00]} Qxa2 {[%emt 0:00:00]} 30. Bxc5 {[%emt 0:00:02]} Qxb2 {[%emt 0:00:01]} 31. Bd4 {[%emt 0:00:01]} Qb1+ {[%emt 0:00:01]} 32. Kd2 {[%emt 0:00:01]} a5 {[%emt 0:00:00]} 33. f5 {[%emt 0:00:01]} a4 {[%emt 0:00:00]} 34. fxe6 {[%emt 0:00:01]} fxe6 {[%emt 0:00:01]} 35. g4 {[%emt 0:00:01]} a3 {[%emt 0:00:00]} 36. g5 {[%emt 0:00:01]} a2 {[%emt 0:00:00]} 37. h4 {[%emt 0:00:01]} a1=Q {[%emt 0:00:02]} 38. Bxa1 {[%emt 0:00:01]} Qxa1 {[%emt 0:00:00]} 39. Kd3 {[%emt 0:00:01]} Qc3+ {[%emt 0:00:00]} 40. Ke4 {[%emt 0:00:01]} Qxc2+ {[%emt 0:00:00]} 41. Ke5 {[%emt 0:00:04]} Qf5+ {[%emt 0:00:01]} 42. Kd6 {[%emt 0:00:01]} b3 {[%emt 0:00:00]} 43. h5 {[%emt 0:00:02]} e5 {[%emt 0:00:00]} 44. g6 {[%emt 0:00:01]} e4 {[%emt 0:00:00]} 45. gxh7+ {[%emt 0:00:01]} Kxh7 {[%emt 0:00:01]} 46. h6 {[%emt 0:00:00]} g5 {[%emt 0:00:00]} 47. Kc6 {[%emt 0:00:01]} e3 {[%emt 0:00:00]} 48. Kd6 {[%emt 0:00:00]} g4 {[%emt 0:00:00]} 49. Kc6 {[%emt 0:00:00]} g3 {[%emt 0:00:00]} 50. Kd6 {[%emt 0:00:00]} g2 {[%emt 0:00:00]} 51. Kc6 {[%emt 0:00:00]} g1=Q {[%emt 0:00:01]} 52. Kd6 {[%emt 0:00:00]} Qgg6+ {[%emt 0:00:01]} 53. Ke7 {[%emt 0:00:01]} Qff7+ {[%emt 0:00:00]} 54. Kd8 {[%emt 0:00:00]} Qgg8# {[%emt 0:00:00] (Lag: Av=0.74s, max=1.8s)} 0-1

[Event "Stay Safe Play From Home 314"]
[Site "Emanuel Lasker Arena"]
[Date "2020.07.19"]
[Round "7"]
[White "Schachwerk_64"]
[Black "Rogan"]
[Result "0-1"]
[WhiteElo "1915"]
[BlackElo "2201"]
[Annotator "NA"]
[PlyCount "60"]
[EventDate "2020.07.19"]
[EventType "swiss (blitz)"]

1. e4 {[%emt 0:00:02]} d5 {[%emt 0:00:00]} 2. exd5 {[%emt 0:00:01]} Nf6 {[%emt 0:00:00]} 3. Nc3 {[%emt 0:00:01]} Nxd5 {[%emt 0:00:00]} 4. Nf3 {[%emt 0:00:02]} Nxc3 {[%emt 0:00:00]} 5. dxc3 {[%emt 0:00:01]} g6 {[%emt 0:00:00]} 6. Qxd8+ {[%emt 0:00:01]} Kxd8 {[%emt 0:00:00]} 7. Ne5 {[%emt 0:00:02]} Be6 {[%emt 0:00:01]} 8. Bc4 {[%emt 0:00:02]} Bxc4 {[%emt 0:00:01]} 9. Nxc4 {[%emt 0:00:00]} Bg7 {[%emt 0:00:01]} 10. O-O {[%emt 0:00:01]} e6 {[%emt 0:00:01]} 11. Rd1+ {[%emt 0:00:00]} Ke7 {[%emt 0:00:01]} 12. Bg5+ {[%emt 0:00:01]} f6 {[%emt 0:00:01]} 13. Be3 {[%emt 0:00:00]} b6 {[%emt 0:00:01]} 14. a4 {[%emt 0:00:02]} Nd7 {[%emt 0:00:01]} 15. a5 {[%emt 0:00:01]} Rhd8 {[%emt 0:00:01]} 16. axb6 {[%emt 0:00:01]} axb6 {[%emt 0:00:00]} 17. Ra7 {[%emt 0:00:02]} Rxa7 {[%emt 0:00:01]} 18. Na3 {[%emt 0:00:00]} Rxa3 {[%emt 0:00:01]} 19. bxa3 {[%emt 0:00:01]} Ne5 {[%emt 0:00:01]} 20. Rb1 {[%emt 0:00:01]} Nc4 {[%emt 0:00:01]} 21. g3 {[%emt 0:00:03]} Nxe3 {[%emt 0:00:01]} 22. fxe3 {[%emt 0:00:01]} f5 {[%emt 0:00:00]} 23. Kf2 {[%emt 0:00:01]} Bxc3 {[%emt 0:00:01]} 24. Kf3 {[%emt 0:00:01]} Rd2 {[%emt 0:00:02]} 25. Rb3 {[%emt 0:00:01]} Ba5 {[%emt 0:00:01]} 26. Rd3 {[%emt 0:00:02]} Rxc2 {[%emt 0:00:02]} 27. Rd4 {[%emt 0:00:01]} e5 {[%emt 0:00:01]} 28. Rh4 {[%emt 0:00:01]} Kf6 {[%emt 0:00:01]} 29. Rxh7 {[%emt 0:00:02]} e4+ {[%emt 0:00:00]} 30. Kf4 {[%emt 0:00:03]} g5# {[%emt 0:00:00] (Lag: Av=0.35s, max=0.9s)} 0-1

[Event "Stay Safe Play From Home 314"]
[Site "Emanuel Lasker Arena"]
[Date "2020.07.19"]
[Round "7"]
[White "Justwatch"]
[Black "Trotsky"]
[Result "0-1"]
[WhiteElo "1706"]
[BlackElo "1601"]
[Annotator "NA"]
[PlyCount "58"]
[EventDate "2020.07.19"]
[EventType "swiss (blitz)"]

1. e4 {[%emt 0:00:01]} c5 {[%emt 0:00:01]} 2. Nc3 {[%emt 0:00:02]} e6 {[%emt 0:00:00]} 3. Nf3 {[%emt 0:00:01]} d5 {[%emt 0:00:01]} 4. Bb5+ {[%emt 0:00:00]} Nc6 {[%emt 0:00:01]} 5. exd5 {[%emt 0:00:00]} exd5 {[%emt 0:00:01]} 6. Bxc6+ {[%emt 0:00:00]} bxc6 {[%emt 0:00:01]} 7. O-O {[%emt 0:00:00]} Be6 {[%emt 0:00:01]} 8. Re1 {[%emt 0:00:00]} Bd6 {[%emt 0:00:01]} 9. d3 {[%emt 0:00:00]} Qc7 {[%emt 0:00:01]} 10. Bg5 {[%emt 0:00:00]} Nf6 {[%emt 0:00:02]} 11. h3 {[%emt 0:00:00]} O-O-O {[%emt 0:00:02]} 12. Bd2 {[%emt 0:00:01]} h5 {[%emt 0:00:01]} 13. Qe2 {[%emt 0:00:02]} Ng4 {[%emt 0:00:01]} 14. Bg5 {[%emt 0:00:03]} f6 {[%emt 0:00:01]} 15. Bh4 {[%emt 0:00:01]} Bf5 {[%emt 0:00:03]} 16. Qd2 {[%emt 0:00:06]} g5 {[%emt 0:00:02]} 17. Bg3 {[%emt 0:00:02]} Bxg3 {[%emt 0:00:02]} 18. fxg3 {[%emt 0:00:00]} Qxg3 {[%emt 0:00:01]} 19. Re7 {[%emt 0:00:01]} Be4 {[%emt 0:00:06]} 20. dxe4 {[%emt 0:00:01]} dxe4 {[%emt 0:00:01]} 21. Qe3 {[%emt 0:00:05]} exf3 {[%emt 0:00:02]} 22. Qe6+ {[%emt 0:00:03]} Kb8 {[%emt 0:00:02]} 23. Rb7+ {[%emt 0:00:09]} Kxb7 {[%emt 0:00:01]} 24. Qe7+ {[%emt 0:00:00]} Kc8 {[%emt 0:00:02]} 25. Qe6+ {[%emt 0:00:01]} Rd7 {[%emt 0:00:01]} 26. Qe2 {[%emt 0:00:03]} Qh2+ {[%emt 0:00:03]} 27. Kf1 {[%emt 0:00:03]} fxe2+ {[%emt 0:00:01]} 28. Kxe2 {[%emt 0:00:01]} Re8+ {[%emt 0:00:03]} 29. Ne4 {[%emt 0:00:00]} Rxe4+ {[%emt 0:00:02] Justwatch terk eder (Lag: Av=0.34s, max=0.9s)} 0-1

[Event "Stay Safe Play From Home 314"]
[Site "Emanuel Lasker Arena"]
[Date "2020.07.19"]
[Round "8"]
[White "NTBT_DHS"]
[Black "ionelluca"]
[Result "1-0"]
[WhiteElo "2512"]
[BlackElo "1956"]
[Annotator "TA"]
[PlyCount "59"]
[EventDate "2020.07.19"]
[EventType "swiss (blitz)"]

{[%evp 9,58,6,47,39,49,41,46,-70,108,12,245,229,320,320,314,308,293,269,318,313,444,274,345,360,539,527,809,806,1300,1304,1281,1277,1277,1191,1182,1147,1407,1397,29990,29990,29990,29991,29994,29992,29994,29995,29996,29997,29998,29999,29999]} 1. e4 d6 2. Nf3 Nf6 3. Nc3 e6 4. d4 Be7 5. Bg5 Nfd7 6. Bxe7 {B07: Pirc Defence: Miscellaneous Systems.} (6. h4 {is interesting.} a6 7. Qd2 b5 8. O-O-O O-O 9. a3) 6... Qxe7 {[#]} 7. Qd3 $146 ({Predecessor:} 7. Bd3 Nf8 8. O-O Ng6 9. Qd2 Nd7 10. Rfe1 Nh4 11. Nxh4 Qxh4 12. Re3 Qd8 13. Rd1 {½-½ (33) Margaryan,S (960)-Pflugradt,N (1472) Neumuenster 2018}) 7... c6 8. d5 (8. a3 $14) 8... Na6 $2 (8... exd5 $15 {keeps the upper hand.} 9. O-O-O Nc5) 9. O-O-O (9. dxe6 $16 fxe6 10. O-O-O) 9... e5 $2 {Now Black is done in.} (9... cxd5 $11 10. exd5 e5) 10. dxc6 $18 {[%mdl 64] [#] Discovered Attack} Ndc5 11. Qxd6 Qxd6 12. Rxd6 Ke7 13. Rd5 ({Less strong is} 13. Nxe5 Kxd6 14. cxb7 (14. Nxf7+ Kxc6 15. Bb5+ Kb6 $14) 14... Bxb7 $14) 13... bxc6 14. Rxe5+ Be6 (14... Ne6 {was called for.} 15. Bc4 Rd8) 15. Nd5+ Kd6 16. Nf4 Bxa2 (16... Nb8 $142 17. b4 Ncd7) 17. Bxa6 f6 18. Rd1+ Kc7 19. Rxc5 Kb6 20. b4 {[%cal Bb2b4,Bb4c5][%mdl 32]} Kxa6 21. Ra5+ {[%mdl 64] Double Attack} Kb6 22. Rxa2 Rad8 23. Nd4 c5 24. bxc5+ {White mates.} Kb7 {[#]} 25. Nfe6 $1 Rc8 26. Kd2 Ka8 27. Rda1 Kb8 28. Rxa7 Rce8 29. Ra8+ Kb7 30. R1a7# {Accuracy: White = 48%, Black = 15%.} 1-0

[Event "Stay Safe Play From Home 314"]
[Site "Emanuel Lasker Arena"]
[Date "2020.07.19"]
[Round "8"]
[White "Rogan"]
[Black "Justwatch"]
[Result "1-0"]
[WhiteElo "2207"]
[BlackElo "1684"]
[PlyCount "55"]
[EventDate "2020.07.19"]
[EventType "swiss (blitz)"]

1. d4 {[%emt 0:00:04]} Nf6 {[%emt 0:00:00]} 2. c3 {[%emt 0:00:01]} g6 {[%emt 0:00:00]} 3. Bg5 {[%emt 0:00:00]} Bg7 {[%emt 0:00:00]} 4. Bxf6 {[%emt 0:00:01]} exf6 {[%emt 0:00:00]} 5. e3 {[%emt 0:00:00]} O-O {[%emt 0:00:00]} 6. Bd3 {[%emt 0:00:00]} d6 {[%emt 0:00:00]} 7. Qc2 {[%emt 0:00:00]} Nc6 {[%emt 0:00:00]} 8. Nd2 {[%emt 0:00:00]} Bd7 {[%emt 0:00:00]} 9. Ngf3 {[%emt 0:00:00]} Qc8 {[%emt 0:00:00]} 10. h4 {[%emt 0:00:00]} a6 {[%emt 0:00:00]} 11. h5 {[%emt 0:00:00]} Bg4 {[%emt 0:00:00]} 12. hxg6 {[%emt 0:00:00]} fxg6 {[%emt 0:00:01]} 13. Bxg6 {[%emt 0:00:01]} Bxf3 {[%emt 0:00:00]} 14. Bxh7+ {[%emt 0:00:04]} Kf7 {[%emt 0:00:01]} 15. Qg6+ {[%emt 0:00:04]} Ke7 {[%emt 0:00:00]} 16. Nxf3 {[%emt 0:00:00]} Rf7 {[%emt 0:00:01]} 17. Nh4 {[%emt 0:00:06]} Qh8 {[%emt 0:00:02]} 18. Nf5+ {[%emt 0:00:01]} Ke6 {[%emt 0:00:01]} 19. d5+ {[%emt 0:00:01]} Kxd5 {[%emt 0:00:03]} 20. Qxf7+ {[%emt 0:00:01]} Kc5 {[%emt 0:00:08]} 21. b4+ {[%emt 0:00:01]} Kb6 {[%emt 0:00:01]} 22. Nxg7 {[%emt 0:00:05]} Ne5 {[%emt 0:00:02]} 23. Qxf6 {[%emt 0:00:03]} Nd3+ {[%emt 0:00:01]} 24. Ke2 {[%emt 0:00:00]} Ne5 {[%emt 0:00:02]} 25. f4 {[%emt 0:00:08]} Rf8 {[%emt 0:00:03]} 26. fxe5 {[%emt 0:00:01]} Rxf6 {[%emt 0:00:02]} 27. exf6 {[%emt 0:00:00]} Qg8 {[%emt 0:00:01]} 28. Bxg8 {[%emt 0:00:02] Justwatch terk eder (Lag: Av=0.45s, max=0.7s)} 1-0